00287nam a2200121Ia 4500100003600000366000700036654001300043245004600056260002200102082000800124300000800132546002500140 aMacLennan Jamie/ Tang/Zhao Hui  f25 awireless aDatamining with Microsoft SQL server 2008 bWiley Indiac2009 bMAC a636 aENGLISHcelectronics